Statistics for USA Olympic Basketball Teams

Click here to take the quiz!

General Stats

  • This quiz has been taken 38,633 times
    (25,809 since last reset)
  • The average score is 31 of 71

Answer Stats

Years Player % Correct
1992Michael Jordan
98%
2016DeAndre Jordan
95%
2004, 2008, 2012Lebron James
93%
1992Magic Johnson
84%
2008, 2012Kobe Bryant
82%
1992Larry Bird
79%
2012, 2016Kevin Durant
79%
2004, 2008, 2012, 2016Carmelo Anthony
77%
1992, 1996Scottie Pippen
73%
1996Shaquille O'Neal
70%
1992, 1996John Stockton
69%
1992, 1996Charles Barkley
67%
2016Kyrie Irving
66%
1992, 1996Karl Malone
66%
2016Klay Thompson
66%
1992, 1996David Robinson
64%
2004, 2008Dwyane Wade
64%
2008, 2012Chris Paul
62%
1992Patrick Ewing
61%
2004Tim Duncan
59%
2004Allen Iverson
58%
2012Russell Westbrook
57%
2016DeMarcus Cousins
55%
2016Draymond Green
55%
1992Clyde Drexler
53%
2012James Harden
51%
2016DeMar DeRozan
51%
2016Kyle Lowry
50%
2000Kevin Garnett
50%
2000, 2008Jason Kidd
49%
2012Anthony Davis
48%
2016Paul George
48%
2000Vince Carter
47%
2008Chris Bosh
46%
2008Dwight Howard
46%
2008, 2012, 2016Mike Krzyzewski
46%
1992Chris Mullin
45%
1992Christian Laettner
44%
2016Jimmy Butler
42%
1996Hakeem Olajuwon
41%
2008, 2012Deron Williams
41%
2000Ray Allen
39%
2012Kevin Love
35%
1996, 2000Gary Payton
32%
2016Harrison Barnes
32%
1992Chuck Daly
30%
1996Reggie Miller
30%
2012Tyson Chandler
28%
1996Penny Hardaway
28%
2000Tim Hardaway
28%
2000Steve Smith
27%
2004Amar'e Stoudemire
21%
2012Andre Iguodala
21%
2000Alonzo Mourning
21%
1996Grant Hill
20%
2004Larry Brown
17%
1996Lenny Wilkens
17%
2008Tayshaun Prince
16%
2004, 2008Carlos Boozer
16%
2008Michael Redd
15%
2004Stephon Marbury
14%
2004Shawn Marion
13%
2004Lamar Odom
12%
1996Mitch Richmond
12%
2004Richard Jefferson
12%
2000Shareef Abdur-Rahim
9%
2000Vin Baker
9%
2000Allan Houston
9%
2004Emeka Okafor
8%
2000Rudy Tomjanovich
7%
2000Antonio McDyess
7%

Score Distribution

Percentile by Number Answered

Percent of People with Each Score

Your Score History

You have not taken this quiz since the last reset